000 00499nam a2200145 4500
999 _c11087
_d11087
008 181011b ||||| |||| 00| 0 eng d
022 _a16565649
082 _aDPer 303.405 H22 June -Sept 2016 v.12 n. 7-10
100 _932090
_aLabaco, Chester.
245 _aApp attack:
_bthe perfect panorama/
_cChester Labaco.
260 _aQuezon City:
_bHardware Zone Phils. Corp.,
_c©June -Sept 2016.
300 _av12 n10, pags 89-91:
_billustrations;
_c28 cm.
650 0 _932091
_aCameras.
942 _2ddc
_cPER